| 000 | 00571nam a2200217Ia 4500 | ||
|---|---|---|---|
| 999 |
_c41153 _d41153 |
||
| 001 | 7803 | ||
| 003 | GE_BSU | ||
| 005 | 20220926121113.0 | ||
| 008 | 181216s2008 en |||||||||||||| ||eng|| | ||
| 020 | _a978047174057 | ||
| 040 | _cGE_BSU | ||
| 041 | _aeng | ||
| 080 | _a640 W-20 | ||
| 100 |
_aWalker R,John _914791 |
||
| 245 | 4 |
_aThe Restaurant : _bFrom concept to operation / _cJohn R. Walker |
|
| 264 |
_aNew Jersey : _bHoboken, _c2008. |
||
| 300 |
_a493 p. : _b Ill. _c24 cm. |
||
| 653 | _aThe Restaurant | ||
| 653 | _aრესტორანი | ||
| 942 |
_cBK _2udc |
||